Fr. Conceicao Rodrigues College of Engineering

A Book of C: Programming in C (Record no. 31441)

MARC details
000 -LEADER
fixed length control field 00333nam a2200157Ia 4500
082 ## - DEWEY DECIMAL CLASSIFICATION NUMBER
Classification number 005.13'C'
Item number KEL
100 ## - MAIN ENTRY--PERSONAL NAME
Personal name Kelly Al/ Pohl/ Ira
250 ## - EDITION STATEMENT
Edition statement 4
245 ## - TITLE STATEMENT
Title A Book of C: Programming in C
260 ## - PUBLICATION, DISTRIBUTION, ETC.
Name of publisher, distributor, etc. Addison Wesly
Date of publication, distribution, etc. 1998
300 ## - PHYSICAL DESCRIPTION
Extent 726
546 ## - LANGUAGE NOTE
Language note ENGLISH
654 ## - SUBJECT ADDED ENTRY--FACETED TOPICAL TERMS
Focus term Computer
942 ## - ADDED ENTRY ELEMENTS (KOHA)
Koha item type BOOK
Holdings
Withdrawn status Lost status Damaged status Not for loan Collection Home library Current library Date acquired Total Checkouts Full call number Barcode Date last seen Price effective from Koha item type
        CRC Fr. Agnel's C.Rodrigues College of Engineering Fr. Agnel's C.Rodrigues College of Engineering 17/03/2023   005.13'C' KEL 11136 17/03/2023 17/03/2023 BOOK